The letters to Timothy and Titus / (Record no. 9397)

MARC details
000 -LEADER
fixed length control field 02039cam a22003254a 4500
001 - CONTROL NUMBER
control field 14276186
003 - CONTROL NUMBER IDENTIFIER
control field GBCCL
005 - DATE AND TIME OF LATEST TRANSACTION
control field 20241126110711.0
008 - FIXED-LENGTH DATA ELEMENTS--GENERAL INFORMATION
fixed length control field 060224s2006 miu b 001 0 eng
010 ## -
-- 2006006711
020 ## - INTERNATIONAL STANDARD BOOK NUMBER
International Standard Book Number 0802825133 (cloth : alk. paper)
020 ## - INTERNATIONAL STANDARD BOOK NUMBER
International Standard Book Number 9780802825131
035 ## - SYSTEM CONTROL NUMBER
System control number (OCoLC)ocm64510410
040 ## - CATALOGING SOURCE
Original cataloging agency DLC
Transcribing agency DLC
Modifying agency BAKER
-- C#P
-- CVN
-- OCLCQ
-- DLC
042 ## -
-- pcc
050 00 -
-- BS2735.53
-- .T69 2006
082 00 - DEWEY DECIMAL CLASSIFICATION NUMBER
Classification number 225.77
-- 227.83077
Edition information 22
Item number NEW
100 1# - MAIN ENTRY--PERSONAL NAME
Personal name Towner, Philip H.,
Dates associated with a name 1953-
9 (RLIN) 16371
245 14 - TITLE STATEMENT
Title The letters to Timothy and Titus /
Statement of responsibility, etc. Philip H. Towner.
260 ## - PUBLICATION, DISTRIBUTION, ETC.
Place of publication, distribution, etc. Grand Rapids, Mich. :
Name of publisher, distributor, etc. William B. Eerdmans Pub. Co.,
Date of publication, distribution, etc. 2006.
300 ## - PHYSICAL DESCRIPTION
Extent xlviii, 886 p. ;
Dimensions 25 cm.
440 #4 - SERIES STATEMENT/ADDED ENTRY--TITLE
Title The new international commentary on the New Testament
9 (RLIN) 9874
504 ## - BIBLIOGRAPHY, ETC. NOTE
Bibliography, etc. note Includes bibliographical references and indexes.
520 ## - SUMMARY, ETC.
Summary, etc. The most accessible, most broadly pitched full-length commentary on Timothy and Titus, this NICNT volume explores Paul's three letters to Timothy and Titus within their historical, religious, and cultural settings. In his introduction, Towner sets out the rationale for his historical approach, questions certain assumptions of recent critical scholarship, and establishes the uniqueness and individuality of each letter. Significantly, Towner's work displays unprecedented interaction with four recent major commentaries on these Pauline letters. Centered on an outstanding translation of the Greek text and including thorough footnotes, bibliographical citations, and indexes, Towner's commentary on Timothy and Titus is sure to become a standard reference for busy pastors, students, and scholars.
630 00 - SUBJECT ADDED ENTRY--UNIFORM TITLE
Uniform title Bible.
Name of part/section of a work Pastoral Epistles
Form subdivision Commentaries.
9 (RLIN) 16123
856 41 - ELECTRONIC LOCATION AND ACCESS
Materials specified Table of contents
Uniform Resource Identifier <a href="http://www.loc.gov/catdir/toc/ecip069/2006006711.html">http://www.loc.gov/catdir/toc/ecip069/2006006711.html</a>
906 ## - LOCAL DATA ELEMENT F, LDF (RLIN)
a 7
b cbc
c orignew
d 1
e ecip
f 20
g y-gencatlg
942 ## - ADDED ENTRY ELEMENTS (KOHA)
Source of classification or shelving scheme Dewey Decimal Classification
Koha item type Reference Books
Holdings
Withdrawn status Lost status Source of classification or shelving scheme Damaged status Not for loan Home library Current Library Shelving location Date acquired Total checkouts Full call number Barcode Date last seen Copy number Price effective from Koha item type
    Dewey Decimal Classification     GRACE BIBLE COLLEGE GRACE BIBLE COLLEGE Commentary 2022-11-14   225.77 NEW 015878 2025-05-01 v.13 2022-11-14 Reference Books
© Grace Bible College Library 2025